Statistics for Top 15 Countries with Covid-19 Cases - 10 May 2021

Click here to take the quiz!

General Stats

  • This quiz has been taken 9 times
  • The average score is 16 of 28

Answer Stats

country% Correct
France
100%
Spain
100%
India
89%
Italy
89%
United Kingdom
89%
United States
89%
Poland
78%
Russia
78%
Brazil
67%
Germany
67%
Iran
67%
Mexico
67%
Portugal
67%
Argentina
56%
Turkey
56%
Colombia
44%
Croatia
44%
Sweden
44%
Belgium
33%
Czechia
33%
Hungary
33%
Israel
33%
Netherlands
33%
Slovenia
33%
Bahrain
22%
Estonia
22%
Lithuania
22%
Panama
22%

Score Distribution

Percentile by Number Answered

Percent of People with Each Score

Your Score History

You have not taken this quiz